Mina y gigante / (Record no. 181088)

MARC details
000 -LEADER
campo de control de longitud fija 00865nam a2200265 i 4500
001 - NÚMERO DE CONTROL
campo de control 181088
003 - IDENTIFICADOR DE NÚMERO DE CONTROL
campo de control ES-MaACL
005 - FECHA Y HORA DE LA ÚLTIMA TRANSACCIÓN
campo de control 20231008160552.0
008 - DATOS DE LONGITUD FIJA--INFORMACIÓN GENERAL
campo de control de longitud fija 121016s2009 sp ab |||| | spa d
020 ## - NÚMERO INTERNACIONAL ESTÁNDAR DEL LIBRO
Número Internacional Estándar del Libro 978-84-9802-873-7
080 ## - NÚMERO DE LA CLASIFICACIÓN DECIMAL UNIVERSAL
Número de la Clasificación Decimal Universal 625.711.1(37)
080 ## - NÚMERO DE LA CLASIFICACIÓN DECIMAL UNIVERSAL
Número de la Clasificación Decimal Universal 273.22(460)
100 1# - ENTRADA PRINCIPAL--NOMBRE DE PERSONA
Nombre de persona Zapico Maroto, Luis.
9 (RLIN) 148944
245 10 - MENCIÓN DEL TÍTULO
Título Mina y gigante /
Mención de responsabilidad, etc. Luis Zapico.
250 ## - MENCION DE EDICION
Mención de edición 1ª ed.
260 ## - PUBLICACIÓN, DISTRIBUCIÓN, ETC.
Lugar de publicación, distribución, etc. Fuenlabrada :
Nombre del editor, distribuidor, etc. Entrelíneas,
Fecha de publicación, distribución, etc. 2009.
300 ## - DESCRIPCIÓN FÍSICA
Extensión 365 p. :
Otras características físicas il. col. y n., mapas ;
Dimensiones 23 cm.
650 #4 - PUNTO DE ACCESO ADICIONAL DE MATERIA--TÉRMINO DE MATERIA
Término de materia o nombre geográfico como elemento de entrada Vías romanas.
9 (RLIN) 151632
650 04 - PUNTO DE ACCESO ADICIONAL DE MATERIA--TÉRMINO DE MATERIA
Término de materia o nombre geográfico como elemento de entrada Priscilianismo.
9 (RLIN) 16406
852 ## - LOCALIZACIÓN
Ubicación ES-MaACL
Número de control de estantería A-12303
itemnumber 187971
Sublocalización o colección R.146743
Ubicación en estantería Depósito 1
Signatura antigua Olim: N-5308
Encuadernación Donación: Luis Zapico Maroto y Hortensia Landrove
903 ## - NOMBRE PERSONAL DE DONANTE
9 148773
a Landrove, Hortensia
e Donante
903 ## - NOMBRE PERSONAL DE DONANTE
9 148944
a Zapico Maroto, Luis
e Donante
942 ## - ELEMENTOS DE ENTRADA SECUNDARIOS (KOHA)
Fuente del sistema de clasificación o colocación Clasificación decimal universal
Tipo de ítem Koha Libro impreso
Holdings
Estatus retirado Estado de pérdida Fuente del sistema de clasificación o colocación Estado de daño No para préstamo Biblioteca de origen Biblioteca actual Ubicación en estantería Fecha de adquisición Fuente de adquisición Total de préstamos Signatura topográfica completa Código de barras Visto por última vez Precio de reemplazo Tipo de ítem Koha
    Clasificación decimal universal     Biblioteca del Ateneo de Madrid Biblioteca del Ateneo de Madrid Depósito 1 16/10/2012 Donación   A-12303 1190299 23/02/2023 23/02/2023 Libro impreso